000 00447nam a22001577a 4500
005 20241113110452.0
008 241113b |||||||| |||| 00| 0 eng d
020 _a9789988099114
050 _aQD42
_bDOK
100 _aDOKU, GEORGE NARH
245 _aCHEMISTRY WORLD
_bQUESTIONS AND SOLUTIONS IN BASIC CHEMISTRY
260 _aTEMA
_bULTRASCIENCE BOOKS AND PUBLICATIONS
_cc2007
300 _a615P
500 _aINCLUDES INDEX
942 _2lcc
_cBK
_n0
999 _c1104
_d1104